Statistiken für Finde den Imposter 1

Klicken Sie hier um das Quiz zu spielen!

Allgemein

  • Dieses Quiz wurde 106 mal gespielt
    (57 seit der letzten Aktualisierung)
  • Das Durchschnittsergebnis liegt bei 47 aus 60

Antwortstatistiken

FrageKachelSelect% Korrekt
CocktailTequila SunriseNein
98%
DinosaurierTriceratopsNein
96%
PokémonGlurakNein
94%
SternzeichenJungfrauNein
94%
SternzeichenSchwanJa
94%
SternzeichenStierNein
94%
SternzeichenWaageNein
94%
SternzeichenWassermannNein
94%
SternzeichenZwillingeNein
94%
VulkanÄtnaNein
92%
DinosaurierPolacanthusNein
92%
PokémonHabitakNein
90%
PilzOhrförmiger WeißseitlingNein
90%
VulkanVesuvNein
90%
VitaminCobalaminNein
88%
US-BundesstaatIowaNein
88%
VogelKuckuckNein
88%
US-BundesstaatVirginiaNein
88%
VogelGoldammerNein
86%
PilzKahler KremplingNein
86%
VulkanLlullaillacoNein
86%
CocktailManhattenNein
86%
FabelwesenMantikorNein
86%
US-BundesstaatNew MexicoNein
86%
FabelwesenBasiliskNein
84%
VulkanÖræfajökullNein
84%
CocktailPlanter's PunchNein
84%
PokémonSmettboNein
84%
PokémonBluzukNein
82%
DinosaurierDracopeltaNein
82%
CocktailGates of HellNein
82%
PilzIgel-WulstlingNein
82%
VitaminRiboflavinNein
82%
PilzOrangefuchsiger RaukopfNein
80%
PokémonSandamerNein
80%
DinosaurierTalarurusNein
80%
FabelwesenBansheeNein
78%
FabelwesenWyvernNein
78%
VitaminCalciferolNein
76%
US-BundesstaatDelawareNein
76%
VogelKormoranNein
76%
CocktailBetween the SheetsNein
74%
VitaminBiotinNein
74%
FabelwesenLamiaNein
74%
VogelNeuntöterNein
74%
VitaminNiacinNein
74%
VulkanDubbiNein
72%
PilzRosa Rettich-HelmlingNein
70%
US-BundesstaatRhode IslandNein
66%
DinosaurierPolyonaxNein
64%
FabelwesenZilpzalpJa
64%
VogelMerlinNein
62%
US-BundesstaatOntarioJa
60%
VulkanSamoaJa
60%
PokémonTokehJa
60%
DinosaurierKecleonJa
52%
PilzSchleieJa
42%
CocktailAlien GoddessJa
38%
VogelHallimaschJa
38%
VitaminLithomithJa
38%

Verteilung der Resultate

Perzentil nach korrekt beantworteten Fragen

Anzahl Personen mit jedem Resultat

Ihre Resultats-Entwicklung

Sie haben dieses Quiz seit der letzten Aktualisierung nicht gespielt